[Event "Standard Chess, 30+3, KO, open to all"]
[Site "SchemingMind.com"]
[Date "2007.11.04"]
[Round "-"]
[White "crespov"]
[Black "embuchador"]
[Result "0-1"]
[WhiteCountry "CHI"]
[BlackCountry "INT"]
[WhiteElo "1666"]
[WhiteRD "83"]
[BlackElo "1692"]
[BlackRD "113"]
[GameID "127649"]

1. c4 c5 2. Nc3 Nc6 3. g3 g6 4. Bg2 Bg7 5. e4 Nf6 6. d3 d6 7. Nge2 Bg4 8. h3 Bd7 9. O-O a6 10. Rb1 O-O
11. a3 Ne5 12. f4 Nc6 13. Nd5 Nxd5 14. cxd5 Nd4 15. Nxd4 Bxd4+ 16. Kh2 Rc8 17. Qe2 Bb5 18. Be3 Bg7 19. Qd2 c4 20. dxc4 Rxc4
21. b3 Rc8 22. Rfc1 f5 23. Bd4 Bd7 24. e5 b5 25. Re1 Qc7 26. Qb2 Qc2 27. e6 Bxd4 28. Qxd4 Be8 29. Qa7 Qd2 30. Qxe7 Rc2
31. Rg1 Qxd5 32. Kh1 Qd3 33. Rbd1 Qxg3 34. Rxd6 Bc6 35. Qg5 Qxh3#
0-1

[Event "Standard Chess, 30+3, KO, open to all"]
[Site "SchemingMind.com"]
[Date "2007.11.05"]
[Round "-"]
[White "embuchador"]
[Black "crespov"]
[Result "1-0"]
[WhiteCountry "INT"]
[BlackCountry "CHI"]
[WhiteElo "1663"]
[WhiteRD "102"]
[BlackElo "1625"]
[BlackRD "89"]
[GameID "127657"]

1. e4 c5 2. Nf3 d6 3. d4 cxd4 4. Nxd4 Nc6 5. Nc3 a6 6. Bg5 f6 7. Be3 e5 8. Nb3 Nge7 9. Bc4 Ng6 10. Nd5 Nce7
11. Bb6 Qd7 12. Nc7+ Kd8 13. Nxa8+ Ke8 14. Nc7+ Kd8 15. Nxa6+ Ke8 16. Nc7+ Kd8 17. Nb5+ Ke8 18. Nxd6+
1-0

[Event "Standard Chess, 30+3, KO, open to all"]
[Site "SchemingMind.com"]
[Date "2007.11.08"]
[Round "-"]
[White "Schaakmaatje"]
[Black "Brennan Price"]
[Result "0-1"]
[WhiteCountry "NED"]
[BlackCountry "USA"]
[WhiteElo "1755"]
[WhiteRD "48"]
[BlackElo "2000"]
[BlackRD "99"]
[GameID "127866"]

1. d4 Nf6 2. Bg5 Ne4 3. Bh4 c5 4. f3 g5 5. fxe4 gxh4 6. e3 Bh6 7. Kf2 cxd4 8. Qxd4 O-O 9. Nf3 Nc6 10. Qc3 d6
11. Nbd2 Bg7 12. Nd4 Ne5 13. N2f3 Ng4+ 14. Ke2 Bh6 15. Nxh4 e6 16. Nhf3 Nxe3 17. h4 e5 18. Nb5 Bg4
0-1

[Event "Standard Chess, 30+3, KO, open to all"]
[Site "SchemingMind.com"]
[Date "2007.11.08"]
[Round "-"]
[White "Brennan Price"]
[Black "Schaakmaatje"]
[Result "1-0"]
[WhiteCountry "USA"]
[BlackCountry "NED"]
[WhiteElo "1930"]
[WhiteRD "115"]
[BlackElo "1859"]
[BlackRD "52"]
[GameID "127872"]

1. e4 c5 2. Nf3 d6 3. d4 cxd4 4. Nxd4 Nf6 5. Nc3 g6 6. Be3 Bg7 7. f3 O-O 8. Qd2 Nc6 9. O-O-O a6 10. g4 Qa5
11. Kb1 b5 12. Nxc6
1-0

[Event "Standard Chess, 30+3, KO, open to all"]
[Site "SchemingMind.com"]
[Date "2007.11.12"]
[Round "-"]
[White "maaac"]
[Black "Blackheart"]
[Result "1-0"]
[WhiteCountry "AUS"]
[BlackCountry "NED"]
[WhiteElo "1863"]
[WhiteRD "75"]
[BlackElo "1188"]
[BlackRD "149"]
[GameID "128065"]

1. e4 e5 2. Nf3 Nf6 3. Bc4 Bc5 4. Nxe5 d5 5. exd5 Nxd5 6. Nxf7 Qe7+ 7. Qe2 Rf8 8. Bxd5 Qxe2+ 9. Kxe2 Rxf7 10. Bxf7+ Kxf7
11. c3 Bf5 12. d4 Bd6 13. Bg5 h6 14. Bh4
1-0

[Event "Standard Chess, 30+3, KO, open to all"]
[Site "SchemingMind.com"]
[Date "2007.11.09"]
[Round "-"]
[White "Blackheart"]
[Black "maaac"]
[Result "0-1"]
[WhiteCountry "NED"]
[BlackCountry "AUS"]
[WhiteElo "1188"]
[WhiteRD "149"]
[BlackElo "1863"]
[BlackRD "75"]
[GameID "128073"]

1. e4 c5 2. Nf3 d6 3. d4 cxd4 4. Nxd4 Nf6 5. Nc3 a6 6. Be2 e5 7. Nb3 Be7 8. Be3 O-O 9. f3 Be6 10. Nd5 Bxd5
11. exd5 Nbd7 12. O-O b5 13. c4 bxc4 14. Bxc4 Nb6
0-1

[Event "Standard Chess, 30+3, KO, open to all"]
[Site "SchemingMind.com"]
[Date "2007.11.09"]
[Round "-"]
[White "spoke"]
[Black "BlueMooner"]
[Result "1-0"]
[WhiteCountry "GER"]
[BlackCountry "ENG"]
[WhiteElo "1816"]
[WhiteRD "60"]
[BlackElo "1880"]
[BlackRD "87"]
[GameID "128180"]

1. e4 c5 2. Nf3 Nc6 3. d4 cxd4 4. Nxd4 g6 5. c4 Nf6 6. Nc3 d6 7. Be2 Nxd4 8. Qxd4 Bg7 9. Bg5 O-O 10. Qd2 Be6
11. Rc1 Qa5 12. O-O a6 13. Rfd1 Rfc8 14. b3 Qd8 15. Qe3 Nd7 16. Rxd6 Be5 17. Rd3
1-0

[Event "Standard Chess, 30+3, KO, open to all"]
[Site "SchemingMind.com"]
[Date "2007.11.10"]
[Round "-"]
[White "Archr"]
[Black "29A"]
[Result "0-1"]
[WhiteCountry "USA"]
[BlackCountry "CAN"]
[WhiteElo "1605"]
[WhiteRD "78"]
[BlackElo "1866"]
[BlackRD "71"]
[GameID "128181"]

1. e4 c5 2. Nf3 e6 3. d4 cxd4 4. Nxd4 Nf6 5. Nc3 d6 6. g4 h6 7. h4 Nc6 8. Rg1 h5 9. g5 Ng4 10. Be2 d5
11. Nxc6 bxc6 12. exd5 exd5 13. Bf4 Qb6 14. Bg3 Qxb2 15. Na4 Qb4+ 16. c3 Qe7 17. Kf1 Qd8 18. Qd4 f6 19. gxf6 Qxf6 20. Qxf6 Nxf6
21. Re1 Kf7 22. f3 Bf5 23. Bf2 Bh3+ 24. Rg2 a6 25. c4 Bb4 26. Rb1 a5 27. Kg1 Bxg2 28. Kxg2 Rhe8 29. Bd3 Nd7 30. Bd4 Ne5
31. Bxe5 Rxe5 32. Nb6 Rae8 33. Kg3 g5 34. hxg5 Rxg5+ 35. Kh4 Reg8 36. cxd5 Be7 37. Kh3 Rg2
0-1

[Event "Standard Chess, 30+3, KO, open to all"]
[Site "SchemingMind.com"]
[Date "2007.11.10"]
[Round "-"]
[White "BlueMooner"]
[Black "spoke"]
[Result "1/2-1/2"]
[WhiteCountry "ENG"]
[BlackCountry "GER"]
[WhiteElo "1880"]
[WhiteRD "87"]
[BlackElo "1816"]
[BlackRD "60"]
[GameID "128185"]

1. e4 e5 2. Nf3 Nc6 3. Bb5 Bb4 4. c3 Ba5 5. Na3 Bb6 6. Nc4 d6 7. O-O Ne7 8. a4 a6 9. Nxb6 cxb6 10. Bc4 O-O
11. d4 exd4 12. cxd4 Bg4 13. Be3 d5 14. exd5 Nxd5 15. h3 Nxe3 16. fxe3 Bh5 17. Qe2 Re8 18. Rae1 Nxd4 19. Bxf7+ Bxf7 20. Nxd4 Qxd4=
1/2-1/2

[Event "Standard Chess, 30+3, KO, open to all"]
[Site "SchemingMind.com"]
[Date "2007.11.10"]
[Round "-"]
[White "29A"]
[Black "Archr"]
[Result "1-0"]
[WhiteCountry "CAN"]
[BlackCountry "USA"]
[WhiteElo "1866"]
[WhiteRD "71"]
[BlackElo "1605"]
[BlackRD "78"]
[GameID "128186"]

1. e4 e5 2. Nf3 Nc6 3. Bb5 a6 4. Ba4 Nf6 5. O-O Be7 6. Re1 b5 7. Bb3 d6 8. c3 O-O 9. h3 Bb7 10. d4 Re8
11. Nbd2 Bf8 12. a3 h6 13. Bc2 Nb8 14. b3 exd4 15. cxd4 Nbd7 16. Bb2 c6 17. Qb1 Nb6 18. Nf1 Qc7 19. e5 dxe5 20. dxe5 Nfd5
21. Be4 Rad8 22. Ng3 Nf4 23. Qc2 c5 24. Bxb7 Qxb7 25. Rad1 Nxh3+ 26. Kh2 Nf4 27. Nf5 Rxd1 28. Rxd1 a5 29. Bc1 c4 30. Bxf4 cxb3
31. Qxb3 Nc4 32. Nd6 Nxd6 33. exd6 Rd8 34. Qd5 Qxd5 35. Rxd5
1-0

[Event "Standard Chess, 30+3, KO, open to all"]
[Site "SchemingMind.com"]
[Date "2007.11.12"]
[Round "-"]
[White "nevereverwin"]
[Black "soccerdude"]
[Result "0-1"]
[WhiteCountry "ENG"]
[BlackCountry "CZE"]
[WhiteElo "1175"]
[WhiteRD "92"]
[BlackElo "1494"]
[BlackRD "90"]
[GameID "128274"]

1. d4 d5 2. c4 dxc4 3. e4 e6 4. Nf3 Nc6 5. Bxc4 f6 6. Be3 f5 7. e5 Bb4+ 8. Nbd2 f4 9. Bxf4 Nxd4 10. Nxd4 Qxd4
11. O-O Qxf4 12. Nf3 Qxc4 13. Nd2 Bxd2 14. Qxd2 Nh6 15. Rfd1 O-O 16. Qd4 Qxd4 17. Rxd4 Nf5 18. Rg4 b6 19. Rc1 c5 20. b4 cxb4
21. Rb1 Ba6 22. Rbxb4 Rac8 23. Rgf4 Rc1#
0-1

[Event "Standard Chess, 30+3, KO, open to all"]
[Site "SchemingMind.com"]
[Date "2007.11.13"]
[Round "-"]
[White "Mariazb"]
[Black "Mekk"]
[Result "1-0"]
[WhiteCountry "ARG"]
[BlackCountry "POL"]
[WhiteElo "2327"]
[WhiteRD "77"]
[BlackElo "1975"]
[BlackRD "70"]
[GameID "128275"]

1. d4 Nf6 2. Bg5 Ne4 3. Bf4 d5 4. f3 Nf6 5. Nc3 e6 6. e4 Bb4 7. Bd3 c5 8. a3 Bxc3+ 9. bxc3 c4 10. Be2 O-O
11. e5 Ne8 12. Nh3 f6 13. O-O Nc6 14. Qd2 fxe5 15. dxe5 Qc7 16. a4 b6 17. g4 Rxf4 18. Qxf4 Qxe5 19. Qxe5 Nxe5 20. f4 Nd7
21. a5 b5 22. Bf3 Rb8 23. Rae1 Nc7 24. Ng5 Nc5 25. f5 h6 26. Nxe6 N5xe6 27. fxe6 Bxe6 28. g5 hxg5 29. Bh5 Rf8 30. Rxf8+ Kxf8
31. Re5 g4 32. Rg5 a6 33. Kf2 Ne8 34. Bxe8 Kxe8 35. Rxg7 Kd8 36. Ra7 Bc8 37. Ke3
1-0

[Event "Standard Chess, 30+3, KO, open to all"]
[Site "SchemingMind.com"]
[Date "2007.11.12"]
[Round "-"]
[White "soccerdude"]
[Black "nevereverwin"]
[Result "1-0"]
[WhiteCountry "CZE"]
[BlackCountry "ENG"]
[WhiteElo "1494"]
[WhiteRD "90"]
[BlackElo "1175"]
[BlackRD "92"]
[GameID "128279"]

1. e4 e5 2. Nf3 Nc6 3. Bb5 Nf6 4. Bxc6 bxc6 5. Nxe5 d6 6. Nxc6 Qd7 7. Nb4 d5 8. e5 Ne4 9. d3 Nc5 10. d4 Ne4
11. f3 Bxb4+ 12. c3 Ba5 13. fxe4 O-O 14. O-O Re8 15. Bg5 g6 16. exd5 Qxd5 17. Bh6 Bb7 18. Qg4 f5 19. Qg5 c5 20. Rxf5 Rf8
21. Rxf8+ Rxf8 22. Bxf8 Kxf8 23. Nd2 Bc7 24. Rf1+ Kg7 25. Nf3 h6 26. Qe7+ Kh8 27. Qxc7
1-0

[Event "Standard Chess, 30+3, KO, open to all"]
[Site "SchemingMind.com"]
[Date "2007.11.14"]
[Round "-"]
[White "Mekk"]
[Black "Mariazb"]
[Result "0-1"]
[WhiteCountry "POL"]
[BlackCountry "ARG"]
[WhiteElo "1948"]
[WhiteRD "69"]
[BlackElo "2318"]
[BlackRD "81"]
[GameID "128280"]

1. e4 e5 2. Nf3 Nf6 3. Nxe5 d6 4. Nf3 Nxe4 5. d4 Be7 6. Bd3 Nf6 7. O-O O-O 8. h3 d5 9. Bf4 Nc6 10. c3 Bd6
11. Bxd6 Qxd6 12. Re1 Bd7 13. Ne5 Rfe8 14. f4 Ne7 15. Nxd7 Nxd7 16. Qf3 c5 17. Nd2 cxd4 18. cxd4 Nc6 19. Nb3 Nf6 20. Re5 Qb4
21. Rxe8+ Rxe8 22. Qf2 a5 23. Rc1 h6 24. Nc5 Qxd4 25. Qxd4 Nxd4 26. Nxb7 Ne2+ 27. Bxe2 Rxe2 28. Nxa5 Rxb2 29. Ra1 Nh5 30. a4 Nxf4
31. Nc6 Rxg2+ 32. Kh1 Rc2 33. Nd4 Rc4 34. Nf3 d4 35. a5 d3 36. a6 Rc8 37. a7 Ra8 38. Nd4 d2 39. Nb5 Nd3 40. Kg2 Rxa7
41. Nxa7 Nc1
0-1

[Event "Standard Chess, 30+3, KO, open to all"]
[Site "SchemingMind.com"]
[Date "2007.11.12"]
[Round "-"]
[White "Austin Lockwood"]
[Black "jubeii"]
[Result "0-1"]
[WhiteCountry "ENG"]
[BlackCountry "USA"]
[WhiteElo "1670"]
[WhiteRD "102"]
[BlackElo "1958"]
[BlackRD "106"]
[GameID "128412"]

1. e4 Nf6 2. e5 Nd5 3. d4 d6 4. Nf3 Bg4 5. Bb5+ c6 6. Be2 e6 7. O-O Be7 8. c3 O-O 9. c4 Nb6 10. exd6 Bf6
11. Nc3 Bxf3 12. Bxf3 Nxc4 13. Be3 Nxd6 14. Qd3 Na6 15. Rad1 Nb4 16. Qe2 Nd5 17. Nxd5 exd5 18. Bg4 Re8 19. Rd3 Nc4 20. b3 Nxe3
21. fxe3 Qe7 22. h3 Bg5 23. e4 dxe4 24. Rdd1 Rad8 25. Kh2 Bf6 26. Qc4 Rd5 27. Rf5 Qd6+ 28. g3 Rxf5 29. Bxf5 g6 30. Bg4 h5
31. Be2 h4
0-1

[Event "Standard Chess, 30+3, KO, open to all"]
[Site "SchemingMind.com"]
[Date "2007.11.12"]
[Round "-"]
[White "jubeii"]
[Black "Austin Lockwood"]
[Result "1-0"]
[WhiteCountry "USA"]
[BlackCountry "ENG"]
[WhiteElo "1890"]
[WhiteRD "124"]
[BlackElo "1728"]
[BlackRD "107"]
[GameID "128421"]

1. e4 e5 2. Nf3 Nc6 3. Bb5 a6 4. Ba4 Nf6 5. O-O Be7 6. Re1 b5 7. Bb3 O-O 8. a4 b4 9. c3 Rb8 10. d4 bxc3
11. bxc3 d6 12. Nbd2 exd4 13. cxd4 d5 14. exd5 Nxd4 15. Nxd4 Bd7 16. N2f3 Bc5 17. Qc2 Bb4 18. Bd2
1-0

[Event "Standard Chess, 30+3, KO, open to all"]
[Site "SchemingMind.com"]
[Date "2007.11.12"]
[Round "-"]
[White "Zugzwang"]
[Black "Malatuso"]
[Result "0-1"]
[WhiteCountry "CAN"]
[BlackCountry "ITA"]
[WhiteElo "1441"]
[WhiteRD "60"]
[BlackElo "1850"]
[BlackRD "85"]
[GameID "128511"]

1. d4 Nf6 2. Nf3 d5 3. e3 e6 4. Bd3 c5 5. c3 Nc6 6. O-O Bd6 7. Nbd2 O-O 8. Qe2 a6 9. e4 dxe4 10. Nxe4 cxd4
11. cxd4 h6 12. Nxf6+ Qxf6 13. Rd1 Nb4 14. Qe4 Nxd3 15. Qxd3 b5 16. Rb1 Bb7 17. Ne1 Rac8 18. Nc2 Rfd8 19. b4 Qh4 20. h3 Qe4
21. Ne1 Qxd3 22. Nxd3 Be4 23. a3 Rc3 24. Ne1 Bxb1
0-1

[Event "Standard Chess, 30+3, KO, open to all"]
[Site "SchemingMind.com"]
[Date "2007.11.12"]
[Round "-"]
[White "Ilang"]
[Black "Tahur"]
[Result "1-0"]
[WhiteCountry "HUN"]
[BlackCountry "ARG"]
[WhiteElo "2274"]
[WhiteRD "74"]
[BlackElo "1898"]
[BlackRD "54"]
[GameID "128512"]

1. e4 e5 2. Nf3 Nc6 3. Bb5 a6 4. Ba4 Nf6 5. O-O Be7 6. Re1 b5 7. Bb3 d6 8. c3 Bg4 9. h3 Bxf3 10. Qxf3 O-O
11. d3 Na5 12. Bc2 Nc6 13. Nd2 Qd7 14. Nf1 d5 15. Ne3 dxe4 16. dxe4 Rad8 17. Rd1 Qc8 18. Nf5 Rxd1+ 19. Bxd1 Qd7 20. Bh6 Rd8
21. Bxg7 Qe6 22. Bb3 Qd7 23. Bh6 Kh8 24. Qg3 Rg8 25. Bg7+
1-0

[Event "Standard Chess, 30+3, KO, open to all"]
[Site "SchemingMind.com"]
[Date "2007.11.12"]
[Round "-"]
[White "Quirine"]
[Black "Konan_Kaddosh"]
[Result "0-1"]
[WhiteCountry "NED"]
[BlackCountry "ITA"]
[WhiteElo "1901"]
[WhiteRD "71"]
[BlackElo "2444"]
[BlackRD "56"]
[GameID "128513"]

1. d4 Nf6 2. Bg5 Ne4 3. Bh4 c5 4. f3 g5 5. fxe4 gxh4 6. e3 Bh6 7. Kf2 cxd4 8. exd4 Rg8 9. Nf3 Nc6 10. Nc3 a6
11. Nxh4 d6 12. h3 e6 13. Nf3 Bd7 14. Bc4 Qb6 15. Rb1 O-O-O 16. Ne2 Ne5 17. Bb3 Rg6 18. c3 Rdg8 19. Rg1 Nxf3 20. Kxf3 Rf6+
0-1

[Event "Standard Chess, 30+3, KO, open to all"]
[Site "SchemingMind.com"]
[Date "2007.11.12"]
[Round "-"]
[White "Malatuso"]
[Black "Zugzwang"]
[Result "1-0"]
[WhiteCountry "ITA"]
[BlackCountry "CAN"]
[WhiteElo "1847"]
[WhiteRD "80"]
[BlackElo "1416"]
[BlackRD "62"]
[GameID "128518"]

1. e4 e5 2. Nf3 Nf6 3. Nxe5 d6 4. Nf3 Nxe4 5. Nc3 Nxc3 6. dxc3 Be7 7. Bf4 O-O 8. Qd2 Bf5 9. O-O-O c5 10. Qd5 Bc8
11. Bd3 Nc6 12. Qh5 h6 13. h4 Be6 14. g4 Bxa2 15. g5 a5 16. Rhg1 g6 17. gxh6
1-0

[Event "Standard Chess, 30+3, KO, open to all"]
[Site "SchemingMind.com"]
[Date "2007.11.12"]
[Round "-"]
[White "Tahur"]
[Black "Ilang"]
[Result "0-1"]
[WhiteCountry "ARG"]
[BlackCountry "HUN"]
[WhiteElo "1898"]
[WhiteRD "54"]
[BlackElo "2274"]
[BlackRD "74"]
[GameID "128519"]

1. e4 e5 2. Nf3 Nc6 3. Bb5 a6 4. Ba4 Nf6 5. O-O Be7 6. Bxc6 dxc6 7. Nxe5 Nxe4 8. d3 Nf6 9. Nc3 O-O 10. Re1 Re8
11. Bg5 h6 12. Bxf6 Bxf6 13. d4 Bxe5 14. Rxe5 Rxe5 15. dxe5 Bf5 16. Qe2 Qd4 17. Rd1 Qb4 18. Rb1 Re8 19. h3 f6 20. a3 Qf4
21. Rd1 Qxe5 22. Qxe5 Rxe5 23. f4 Re7 24. Rd2 Re1+ 25. Kh2 Rc1 26. Na4 b6 27. c3 Bc2 28. Rd8+ Kh7 29. Rd4 c5 30. Nxc5 bxc5
31. Rc4 c6 32. b4 f5 33. Rxc5 Be4 34. g4 g5 35. Re5 gxf4 36. Re7+ Kg8 37. Re8+ Kf7 38. Ra8 Rh1#
0-1

[Event "Standard Chess, 30+3, KO, open to all"]
[Site "SchemingMind.com"]
[Date "2007.11.12"]
[Round "-"]
[White "Konan_Kaddosh"]
[Black "Quirine"]
[Result "1-0"]
[WhiteCountry "ITA"]
[BlackCountry "NED"]
[WhiteElo "2444"]
[WhiteRD "56"]
[BlackElo "1901"]
[BlackRD "71"]
[GameID "128520"]

1. e4 e6 2. d4 d5 3. Nc3 Nf6 4. Bg5 Be7 5. e5 Nfd7 6. h4 Nc6 7. Bxe7 Nxe7 8. Qg4 g6 9. O-O-O a6 10. h5 c5
11. Nf3 cxd4 12. Qxd4 g5 13. Nxg5 Nc6 14. Qf4 Ndxe5 15. Nge4 f5 16. Nxd5 exd5 17. Rxd5 Qc7 18. Nd6+ Kf8 19. Rxe5 Ne7 20. Qh6+ Kg8
21. Qg5+
1-0

[Event "Standard Chess, 30+3, KO, open to all"]
[Site "SchemingMind.com"]
[Date "2008.01.03"]
[Round "-"]
[White "swashbuckler"]
[Black "Alessandro Dotti Contra"]
[Result "1-0"]
[WhiteCountry "GBR"]
[BlackCountry "ITA"]
[WhiteElo "1896"]
[WhiteRD "77"]
[BlackElo "1386"]
[BlackRD "80"]
[GameID "136088"]

1. f4 d5 2. b3 Nf6 3. e3 e6 4. Nf3 Nc6 5. Bb5 Bd7 6. Bb2 Be7 7. O-O O-O 8. Qe2 Nb4 9. Na3 a6 10. Bxd7 Qxd7
11. Ne5 Qd6 12. d3 Nc6 13. g4 g6 14. h4 b5 15. h5 Nxe5 16. fxe5 Qb6 17. exf6 Bd6 18. Kh1 Qc6 19. Qd2 d4+ 20. e4 Be5
21. Qh6 Bxf6 22. Rxf6 Qd6 23. Kg2 c5 24. Rh1 b4 25. hxg6 fxg6 26. Qxh7#
1-0

[Event "Standard Chess, 30+3, KO, open to all"]
[Site "SchemingMind.com"]
[Date "2008.01.03"]
[Round "-"]
[White "Alessandro Dotti Contra"]
[Black "swashbuckler"]
[Result "0-1"]
[WhiteCountry "ITA"]
[BlackCountry "GBR"]
[WhiteElo "1350"]
[WhiteRD "84"]
[BlackElo "1930"]
[BlackRD "82"]
[GameID "136094"]

1. e4 d5 2. Nc3 d4 3. Nce2 e5 4. Nf3 Bd6 5. d3 f6 6. Ng3 Ne7 7. Be2 c5 8. O-O Be6 9. c3 Nbc6 10. b4 b5
11. bxc5 Bxc5 12. Rb1 Rb8 13. Nh5 O-O 14. Qd2 Ng6 15. cxd4 Nxd4 16. Bd1 f5 17. Bb3 Bxb3 18. axb3 Nxf3+ 19. gxf3 f4 20. b4 Bb6
21. Bb2 Qh4 22. Ng3 fxg3 23. hxg3 Qh5 24. d4 exd4 25. Bxd4 Rbd8 26. Qa2+ Kh8 27. Bxb6 axb6 28. Qb3 Ne5 29. Kg2 Nxf3 30. Rh1 Qf7
31. Qxf7 Rxf7 32. Rh5 Nd2 33. Rbh1 h6 34. e5 Ne4 35. f3 Rd2+ 36. Kg1 Rxf3 37. R1h2 Rd1+ 38. Kg2 Rxg3#
0-1

[Event "Standard Chess, 30+3, KO, open to all"]
[Site "SchemingMind.com"]
[Date "2008.01.07"]
[Round "-"]
[White "mathmagician"]
[Black "Brennan Price"]
[Result "0-1"]
[WhiteCountry "USA"]
[BlackCountry "USA"]
[WhiteElo "1401"]
[WhiteRD "91"]
[BlackElo "1964"]
[BlackRD "100"]
[GameID "136474"]

1. e4 c5 2. c4 Nc6 3. a3 Nf6 4. d3 d6 5. b4 cxb4 6. Qa4 bxa3 7. Nxa3 Qa5+ 8. Qxa5 Nxa5 9. Nb5 Nb3 10. Ra3 Nxc1
11. Nc7+ Kd8 12. Nxa8 a6 13. Nb6 e5 14. Kd2 d5 15. cxd5 Bxa3 16. Nc4 Nxd3 17. Bxd3 Bc5 18. Nxe5 Ke7 19. Ke2 Bd6 20. Nc4 b5
21. Nxd6 Kxd6 22. Nf3 Re8 23. Rc1 Nxe4 24. Bxe4 Rxe4+ 25. Kd3 Bf5 26. Ng5 Re1+ 27. Kd2 Rxc1 28. Kxc1 Bg6 29. Nf3 Kxd5 30. Kb2 Kc4
31. Nd2+ Kb4 32. h4 a5 33. g4 h5 34. gxh5 Bxh5 35. Ne4 a4 36. Ng3 a3+ 37. Ka2 Bd1 38. Nf5 Bb3+ 39. Ka1 g6 40. Nd6 Ka4
41. Nb7 Be6 42. Nc5+ Kb4 43. Nd3+ Kc3 44. Ne5 b4 45. Nc4 Bxc4 46. Kb1 a2+ 47. Ka1 b3 48. h5 b2#
0-1

[Event "Standard Chess, 30+3, KO, open to all"]
[Site "SchemingMind.com"]
[Date "2008.01.22"]
[Round "-"]
[White "maaac"]
[Black "Ilang"]
[Result "0-1"]
[WhiteCountry "AUS"]
[BlackCountry "HUN"]
[WhiteElo "1886"]
[WhiteRD "62"]
[BlackElo "2286"]
[BlackRD "83"]
[GameID "138277"]

1. d4 d5 2. c4 c6 3. Nc3 Nf6 4. Nf3 e6 5. e3 dxc4 6. Bxc4 Nbd7 7. O-O Be7 8. Qe2 O-O 9. e4 b5 10. Bb3 b4
11. Na4 Qa5 12. Nd2 Ba6 13. Nc4 Bxc4 14. Qxc4 Nxe4 15. Qxc6 Ndf6 16. Qc2 Rac8 17. Qe2 Rfe8 18. f3 Nd6 19. Bf4 Nd5 20. Bg3 Nf5
21. Bf2 Bf6 22. Rfd1 Red8 23. Nc5 Nxd4
0-1

[Event "Standard Chess, 30+3, KO, open to all"]
[Site "SchemingMind.com"]
[Date "2008.01.21"]
[Round "-"]
[White "Ilang"]
[Black "maaac"]
[Result "1-0"]
[WhiteCountry "HUN"]
[BlackCountry "AUS"]
[WhiteElo "2286"]
[WhiteRD "83"]
[BlackElo "1886"]
[BlackRD "62"]
[GameID "138289"]

1. e4 c5 2. c3 d5 3. exd5 Qxd5 4. Nf3 Nf6 5. d4 Bg4 6. dxc5 Bxf3 7. Qxf3 Qxf3 8. gxf3 e5 9. Rg1 a5 10. Na3 Bxc5
11. Rxg7 Bxa3 12. bxa3 Rg8 13. Rxg8+ Nxg8 14. Rb1 Nd7 15. Rxb7 Ngf6 16. Bb5 Ke7 17. Bg5 Ke6 18. Bc4+ Kf5 19. Bxf6 Nxf6 20. Bxf7
1-0

[Event "Standard Chess, 30+3, KO, open to all"]
[Site "SchemingMind.com"]
[Date "2008.01.31"]
[Round "-"]
[White "griffimv"]
[Black "soccerdude"]
[Result "1-0"]
[WhiteCountry "INT"]
[BlackCountry "CZE"]
[WhiteElo "2336"]
[WhiteRD "78"]
[BlackElo "1482"]
[BlackRD "86"]
[GameID "139038"]

1. e4 e5 2. Nf3 Nc6 3. Bb5 a6 4. Ba4 b5 5. Bb3 Nf6 6. O-O Bc5 7. a4 bxa4 8. Rxa4 O-O 9. Nxe5 Nxe5 10. d4 Bxd4
11. Qxd4 d6 12. f4 Re8 13. fxe5 dxe5 14. Qxd8 Rxd8 15. Ra5 Re8 16. Rc5 Nxe4 17. Rxc7 Bf5 18. Bxf7+ Kf8 19. Bxe8 Kxe8 20. Rxf5 Nd6
21. Rxe5+ Kd8 22. Rxg7 Nc4 23. Bg5+ Kc8 24. Re8#
1-0

[Event "Standard Chess, 30+3, KO, open to all"]
[Site "SchemingMind.com"]
[Date "2008.01.31"]
[Round "-"]
[White "soccerdude"]
[Black "griffimv"]
[Result "0-1"]
[WhiteCountry "CZE"]
[BlackCountry "INT"]
[WhiteElo "1423"]
[WhiteRD "82"]
[BlackElo "2348"]
[BlackRD "80"]
[GameID "139047"]

1. e4 e5 2. Nf3 Nc6 3. Bb5 a6 4. Ba4 Nf6 5. Nc3 Be7 6. O-O b5 7. Bb3 d6 8. d4 Nxd4 9. Nxd4 exd4 10. Qxd4 c5
11. Qe3 c4 12. Bxc4 bxc4 13. Qd4 Be6 14. b3 O-O 15. Ba3 Qa5 16. Bxd6 Bxd6 17. Qxd6 Qxc3 18. Rac1 Nxe4 19. Qc6 Nf6 20. Rfe1 Rfc8
21. Qd6 cxb3 22. axb3 Bxb3 23. h3 Bxc2 24. Re3 Qc4 25. Rg3 Ne4 26. Qe5 Nxg3 27. Qxg3 Rab8 28. Re1 Rb1 29. Rxb1 Bxb1
0-1

[Event "Standard Chess, 30+3, KO, open to all"]
[Site "SchemingMind.com"]
[Date "2008.06.16"]
[Round "-"]
[White "spoke"]
[Black "swashbuckler"]
[Result "0-1"]
[WhiteCountry "GER"]
[BlackCountry "GBR"]
[WhiteElo "1872"]
[WhiteRD "66"]
[BlackElo "1919"]
[BlackRD "84"]
[GameID "158908"]

1. e4 d5 2. exd5 Nf6 3. d4 Bg4 4. Nf3 Qxd5 5. Be2 Nc6 6. c4 Qf5 7. O-O O-O-O 8. Be3 e5 9. d5 Bxf3 10. Bxf3 e4
11. Be2 Ne5 12. Nc3 h5 13. Bxa7 Neg4 14. f3 exf3 15. Rxf3 Qe5 16. Rh3 b6 17. Na4 Kb7 18. Bxb6 cxb6 19. Qd3 Re8 20. Qb3 Qd4+
0-1

[Event "Standard Chess, 30+3, KO, open to all"]
[Site "SchemingMind.com"]
[Date "2008.06.16"]
[Round "-"]
[White "swashbuckler"]
[Black "spoke"]
[Result "0-1"]
[WhiteCountry "GBR"]
[BlackCountry "GER"]
[WhiteElo "1919"]
[WhiteRD "84"]
[BlackElo "1872"]
[BlackRD "66"]
[GameID "158918"]

1. f4 d5 2. e3 Nf6 3. b3 Bg4 4. Nf3 e6 5. Bb2 Nbd7 6. Be2 Be7 7. O-O O-O 8. d3 c6 9. Nbd2 Qc7 10. Ne5 Bxe2
11. Qxe2 Nxe5 12. Bxe5 Bd6 13. Bxf6 gxf6 14. Qh5 f5 15. Rf3 f6 16. Qh6 Kh8 17. Kf2 Rf7 18. Rg1 Rg8 19. h3 Rg6 20. Qh4 e5
21. e4 dxe4
0-1

[Event "Standard Chess, 30+3, KO, open to all"]
[Site "SchemingMind.com"]
[Date "2008.08.16"]
[Round "-"]
[White "griffimv"]
[Black "29A"]
[Result "1-0"]
[WhiteCountry "INT"]
[BlackCountry "CAN"]
[WhiteElo "2243"]
[WhiteRD "85"]
[BlackElo "1843"]
[BlackRD "84"]
[GameID "166869"]

1. e4 c5 2. Nf3 d6 3. d4 cxd4 4. Nxd4 Nf6 5. Nc3 e6 6. g4 h6 7. h3 Nc6 8. Bg2 a6 9. Be3 Be7 10. f4 Qc7
11. Qe2 Bd7 12. O-O-O Rc8 13. Kb1 b5 14. Nb3 Na5 15. e5 Nc4 16. exf6 Nxb2 17. Nd5
1-0

[Event "Standard Chess, 30+3, KO, open to all"]
[Site "SchemingMind.com"]
[Date "2008.08.16"]
[Round "-"]
[White "29A"]
[Black "griffimv"]
[Result "0-1"]
[WhiteCountry "CAN"]
[BlackCountry "INT"]
[WhiteElo "1860"]
[WhiteRD "88"]
[BlackElo "2288"]
[BlackRD "88"]
[GameID "166879"]

1. e4 c5 2. Nc3 Nc6 3. g3 g6 4. Bg2 Bg7 5. d3 d6 6. f4 e6 7. Nf3 Nge7 8. O-O O-O 9. Be3 b6 10. d4 d5
11. e5 Nf5 12. Bf2 cxd4 13. Nxd4 Ncxd4 14. Bxd4 Ba6 15. Re1 Nxd4 16. Qxd4 Qe7 17. Na4 Rfc8 18. Nc3 Bf8 19. Kh1 Qb4 20. Qxb4 Bxb4
21. Bf1 Bxf1 22. Rxf1 Bxc3 23. bxc3 Rxc3 24. Rf2 Rac8 25. Rc1 d4
0-1